000 00213 a2200097 4500
001 13664
100 _aAhmed, N
245 _aFather of the Nation
260 _aLahore
_bQaumi Kuttab Khana
_c
090 _c10658
_d10658
942 _aNUST-CAE
_cM
_c734
999 _c248737
_d248737